| 000 | 00674nam a22002057a 4500 | ||
|---|---|---|---|
| 010 | _aA-945691 | ||
| 020 | _c195.00 | ||
| 035 | _aA-945691 | ||
| 037 | _bCen Lib / Ret | ||
| 040 |
_aDPL _bEN |
||
| 082 |
_a581.0287 _bSUN |
||
| 100 | _aS. Sundara Rajan | ||
| 245 |
_aPractical manual of college botany : _bmicrobiology plant pathology, mycology, phycology, bryophytes and plant anatomy / _cby S. Sundara Rajan |
||
| 260 |
_aMumbai _bHimalaya Publishing House _c1999 |
||
| 270 |
_aDr. Bhalerao Marg, Girgaon _bMumbai _e400004 |
||
| 300 |
_a122p ; _c27cm(Hb) |
||
| 650 | _aMicrobiology | ||
| 650 | _aPlant Pathology | ||
| 942 |
_2ddc _cEN _h581.0287 _mSUN |
||
| 999 |
_c136981 _d136981 |
||